Score 0/19 Timer 15:00
0 Plays Today
% Correct
Catherine, Duchess of Cambridge (née Middleton)
93.3%
Miley Cyrus
88.5%
Jennifer Garner
66.8%
Thor
62.6%
Princess Ariel
61.8%
Caroline 'Carol' Brady (née Taylor)
51.6%
Mary Todd Lincoln
49.4%
Uncle Jesse Katsopolis
48.3%
Jamie-Lynn Spears
43.6%
Don Vito Corleone
41.3%
% Correct
Haley Dunphy
38%
Peyton Manning
33.8%
Buffy Summers
28.1%
Pharaoh Ramesses II the Great
25.9%
Spock
24.6%
Percy Jackson
23.8%
Nelson Rockefeller
19.4%
Charles V, Holy Roman Emperor
9.8%
Eragon Shadeslayer
7.3%
Remove Ads.
Support Sporcle.
Get the best of Sporcle when you Go Orange. This ad-free experience offers more features, more stats, and more fun while also helping to support Sporcle. Thank you for becoming a member.

You're not logged in!

Compare scores with friends on all Sporcle quizzes.
OR
Log In

Show Comments

Extras

Top Quizzes Today


Score Distribution

Your Account Isn't Verified!

In order to create a playlist on Sporcle, you need to verify the email address you used during registration. Go to your Sporcle Settings to finish the process.

Report this User

Report this user for behavior that violates our Community Guidelines.

Details: